Heat conduction /
Guardado en:
| Autor Principal: | |
|---|---|
| Formato: | Libro |
| Idioma: | English |
| Publicado: |
New York :
Wiley,
c1980.
|
| Materias: | |
| Etiquetas: |
Agregar Etiqueta
Sin Etiquetas, Sea el primero en etiquetar este registro!
|
| LEADER | 00672cam a22002175a 4500 | ||
|---|---|---|---|
| 001 | EIQ.libpla000510 | ||
| 008 | 790126s1980####nyua#####b####001#0#eng#d | ||
| 005 | 20060517195511.0 | ||
| 245 | 1 | 0 | |a Heat conduction / |c M. Necati Ozisik. |
| 260 | |a New York : |b Wiley, |c c1980. | ||
| 300 | |a xv, 687 p. : |b il. ; |c 24 cm. | ||
| 500 | |a "A Wiley-Interscience publication." | ||
| 504 | |a Incluye referencias bibliográficas e índice. | ||
| 020 | |a 047105481X | ||
| 100 | 1 | |a Ozisik, M. Necati. | |
| 082 | 0 | 0 | |a 536/.23 |
| 650 | 4 | |a Calor |x Conducción. | |
| 650 | 0 | |a Heat |x Conduction. | |
| 010 | |a 79000990 | ||
| 040 | |a DLC |c DLC |d AR-BbSID | ||
| 859 | |a AR-BbSID |b BIB. PLAPIQUI |h 536.23 |i Oz 5 |p 1480 | ||
